<?xml version="1.0" encoding="UTF-8"?>
<collection xmlns="http://www.loc.gov/MARC21/slim">
 <record>
  <leader>00964nam a2200205   4500</leader>
  <controlfield tag="001">000007979</controlfield>
  <controlfield tag="003">4157</controlfield>
  <controlfield tag="005">20150812140849.0</controlfield>
  <controlfield tag="008">111013s                               sd</controlfield>
  <datafield tag="245" ind1="0" ind2="0">
   <subfield code="a">Phong trào công nhân Quốc tế</subfield>
  </datafield>
  <datafield tag="774" ind1=" " ind2=" ">
   <subfield code="d">H.</subfield>
   <subfield code="d">1985</subfield>
   <subfield code="g">T. 1</subfield>
   <subfield code="h">816 tr</subfield>
   <subfield code="n">ĐTTS: Viện Hàn lâm Khoa học Liên Xô. Viện nghiên cứu phong trào công nhân Quốc tế</subfield>
   <subfield code="t">Sự ra đời của giai cấp, vô sản và sự hình thành của nó với tư cách là một giai cấp cách mạng</subfield>
   <subfield code="w">4165</subfield>
  </datafield>
  <datafield tag="774" ind1=" " ind2=" ">
   <subfield code="d">H.</subfield>
   <subfield code="d">1985</subfield>
   <subfield code="g">T. 2</subfield>
   <subfield code="h">764 tr</subfield>
   <subfield code="n">ĐTTS: Viện Hàn lâm Khoa học Liên Xô. Viện nghiên cứu phong trào công nhân Quốc tế</subfield>
   <subfield code="t">Phong trào công nhân trong thời kỳ chuyển sang chủ nghĩa đế quốc (1871-1904)</subfield>
   <subfield code="w">11613</subfield>
  </datafield>
  <datafield tag="OWN" ind1=" " ind2=" ">
   <subfield code="a">LSP</subfield>
  </datafield>
  <datafield tag="999" ind1=" " ind2=" ">
   <subfield code="a">From the UDN01</subfield>
  </datafield>
  <datafield tag="TYP" ind1=" " ind2=" ">
   <subfield code="a">Monograph</subfield>
  </datafield>
  <datafield tag="TYP" ind1=" " ind2=" ">
   <subfield code="a">Printed language</subfield>
  </datafield>
  <datafield tag="980" ind1=" " ind2=" ">
   <subfield code="a">Mạng thư viện Đại học Đà Nẵng</subfield>
  </datafield>
 </record>
</collection>
